Detalles MARC
| 000 -ENCABEZADO |
| Número de control [NR] |
01288nam a22002417a 4500 |
| 008 - DE LONGITUD FIJA DE DATOS DE ELEMENTOS - INFORMACIÓN GENERAL |
| Elementos de longitud fija [NR] |
130821s2002 ck a gr spa |
| 040 ## - FUENTE DE CATALOGACION [NR] |
| Agencia de catalogación original [NR] |
Co-BoUCM |
| Idioma de catalogación [NR] |
spa |
| 041 0# - CODIGO DE IDIOMA [R] |
| Código de idioma para texto/pista de sonido o título separado [R] |
Español |
| 092 ## - SIGNATURA TOPOGRAFICA LOCAL |
| Número de clasificación local |
E63N014 |
| 111 2# - ASIENTO PRINCIPAL--NOMBRE DE REUNION [NR] |
| Nombre de reunión o de jurisdicción como elemento de entrada [NR] |
Seminario de Archivos Bancarios |
| Fecha de la reunión [NR] |
(2002 |
| Lugar de la reunión [NR] |
Bogotá) |
| 245 10 - MENCION DE TITULO [NR] |
| Título [NR] |
Estudio diagnóstico producción documental y propuesta normalización de archivos en entidades bancarias |
| Parte restante del título [NR] |
(una aproximación a la problemática de los archivos del sector) |
| Mención de responsabilidad, etc. [NR] |
separata del Seminario de Archivos Bancarios (13 al 15 de noviambre de 2002), Sistema Nacional de Archivos, Archivo General de la Nación. |
| 260 ## - PUBLICACION, DISTRIBUCION, ETC. (PIE DE IMPRENTA) [R] |
| Lugar de publicación, distribución, etc. [R] |
Bogotá (Colombia) |
| Nombre del editor, distribuidor, etc. [R] |
Sistema Nacional de Archivos ; Archivo General de la Nación |
| Fecha de publicación, distribución, etc. [R] |
2002 |
| 300 ## - DESCRIPCION FISICA [R] |
| Extensión [R] |
59 páginas |
| Otros detalles físicos [NR] |
tablas |
| 506 ## - NOTA DE RESTRICCIONES DE ACCESO [R] |
| Condiciones de acceso [NR] |
Consulta en sala. |
| 650 04 - ASIENTO SECUNDARIO DE MATERIA - TERMINO TEMATICO [R] |
| Término temático o nombre geográfico como elemento de entrada [NR] |
Administración de archivos |
| Subdivisión geográfica [R] |
Colombia |
| Subdivisión de forma [R] |
Congresos, conferencias, etc. |
| 9 (RLIN) |
8530 |
| 650 04 - ASIENTO SECUNDARIO DE MATERIA - TERMINO TEMATICO [R] |
| Término temático o nombre geográfico como elemento de entrada [NR] |
Bancos |
| Subdivisión general [R] |
Archivos |
| Subdivisión geográfica [R] |
Colombia |
| Subdivisión de forma [R] |
Congresos, conferencias, etc. |
| 9 (RLIN) |
9920 |
| 650 04 - ASIENTO SECUNDARIO DE MATERIA - TERMINO TEMATICO [R] |
| Término temático o nombre geográfico como elemento de entrada [NR] |
Bancos |
| Subdivisión geográfica [R] |
Colombia |
| Subdivisión de forma [R] |
Congresos, conferencias, etc. |
| 9 (RLIN) |
9920 |
| 650 04 - ASIENTO SECUNDARIO DE MATERIA - TERMINO TEMATICO [R] |
| Término temático o nombre geográfico como elemento de entrada [NR] |
Bibliotecología |
| 9 (RLIN) |
10049 |
| 650 04 - ASIENTO SECUNDARIO DE MATERIA - TERMINO TEMATICO [R] |
| Término temático o nombre geográfico como elemento de entrada [NR] |
Documentación |
| Subdivisión de forma [R] |
Congresos, conferencias, etc. |
| 9 (RLIN) |
13509 |
| 650 04 - ASIENTO SECUNDARIO DE MATERIA - TERMINO TEMATICO [R] |
| Término temático o nombre geográfico como elemento de entrada [NR] |
Instituciones financieras |
| Subdivisión geográfica [R] |
Colombia |
| Subdivisión de forma [R] |
Congresos, conferencias, etc. |
| 9 (RLIN) |
17761 |
| 942 ## - ELEMENTOS DE ENTRADA AGREGADOS (KOHA) |
| Tipo de ítem principal el descrito en 300a |
Libro |
| Tema principal |
Generalidades |
| Edición |
1 |
| Sistema de clasificación |
DEWEY |
| Clasificación |
025.17 |